00605nam a2200253Ia 4500008004000000020001500040041000800055082001600063100002300079245008300102260003400185300001300219650000800232650001100240650001600251650001600267650001300283650001000296650000700306650001200313650001100325650000700336650000800343210210b2008 xxu||||| |||| 00| 0 eng d a818324257X aeng a305.56 KUMS aKUMAR (Santhosh V) aSocial justice and the politics of reservation in India: the post-mandal phase aNDbMittal Publicationsc2008 axiii,286 athe aSocial areservation apost-mandal apolitics aphase aof ajustice aIndia: ain aand